<?xml version="1.0" encoding="UTF-8"?>
<resp>
  <nextPage>https://data.bn.org.pl/api/networks/bibs.marcxml?marc=001+b00001150000596&amp;sinceId=1150000597</nextPage>
  <collection>
    <record xmlns='http://www.loc.gov/MARC21/slim'><leader>00899namZa2200265ZiZ4500</leader><controlfield tag='001'>b00001150000596</controlfield><controlfield tag='005'>20241203215619.9</controlfield><controlfield tag='008'>230609s        pl           |000 0 pol c</controlfield><controlfield tag='009'>9913262116405606</controlfield><datafield ind1=' ' ind2=' ' tag='035'><subfield code='a'>(PL)b00001150000596</subfield></datafield><datafield ind1=' ' ind2=' ' tag='035'><subfield code='a'>KR_1_20120317233048038752</subfield><subfield code='9'>ExL</subfield></datafield><datafield ind1=' ' ind2=' ' tag='035'><subfield code='a'>KR_1KR_1_20120317233048038752-48omnis_kr</subfield></datafield><datafield ind1=' ' ind2=' ' tag='040'><subfield code='a'>KR_1</subfield><subfield code='c'>KR_1</subfield></datafield><datafield ind1='0' ind2=' ' tag='041'><subfield code='a'>pol</subfield></datafield><datafield ind1='1' ind2=' ' tag='100'><subfield code='a'>Tatara, Marian</subfield></datafield><datafield ind1='1' ind2='0' tag='245'><subfield code='a'>Dziedzictwo Słowackiego w poezji polskiej ostatniego półwiecza :</subfield><subfield code='b'>1918-1968 /</subfield><subfield code='c'>Marian Tatara ; Polska Akademia Nauk Komitet Nauk o Literaturze Polskiej.</subfield></datafield><datafield ind1=' ' ind2=' ' tag='260'><subfield code='a'>Wrocław [i in.] :</subfield><subfield code='b'>Zakład Narodowy im. Ossolińskich,</subfield><subfield code='c'>1973.</subfield></datafield><datafield ind1=' ' ind2=' ' tag='300'><subfield code='a'>312 s. ;</subfield><subfield code='c'>21 cm.</subfield></datafield><datafield ind1='1' ind2=' ' tag='490'><subfield code='a'>Rozprawy Literackie</subfield></datafield><datafield ind1=' ' ind2=' ' tag='500'><subfield code='a'>n</subfield></datafield><datafield ind1=' ' ind2=' ' tag='504'><subfield code='a'>Indeks.</subfield></datafield><datafield ind1=' ' ind2=' ' tag='852'><subfield code='b'>48OMNIS_NETWORK</subfield><subfield code='8'>9913262116405606</subfield></datafield><datafield ind1=' ' ind2=' ' tag='852'><subfield code='b'>48OMNIS_KR</subfield><subfield code='8'>991000005969708216</subfield></datafield></record>
  </collection>
</resp>
